000 01815nam a22003017a 4500
001 4717
003 FISKH
005 20240925102756.0
008 240925b cb ||||| |||| 00| 0 eng d
020 _a9780590425377
040 _aFISKH
_beng
_cFISKH
_dFISKH
050 _aPZ7.M248
082 _2372.64
100 _aMcswigan, Marie
_d(1902–1962)
245 _aSnow treasure /
_cMarie Mcswigan illustrated by Andre lablanc
250 _a1958
260 _aNew York :
_bScholastic,
_c1958.
300 _a156 pages :
_billustrations ;
_c20cm
505 _aR
520 _aJuvenile Fiction. Juvenile Literature. For 12-year-old Peter Lundstrom, the Norwegian winter of 1940 begins like any other. When he isn't in school, he spends the cold days outside, going sledding in the deep snow of his mountain village. But all around him, the adults are talking about the war that is raging through much of Europe. One day Uncle Victor warns that German soldiers will invade soon. He believes they will try to steal the bank's gold bullion. But he has a daring plan to protect the treasure. The only trouble is-it relies on Peter and his friends. Will the village children be able to fool the suspicious Nazis? Marie McSwigan's exciting Snow Treasure is based on the tale a Norwegian ship captain told as he unloaded a cargo of gold in Baltimore. Though the children and the village were never identified, the story is thought to be true by many. Narrator John McDonough's stirring performance captures the tension and adventure as Peter and his friends risk their lives to help their country.
521 8 _a690L
_bLexile
521 8 _aR
_bRaz-Plus
650 _2Norway
_aWWII
650 _2Historical fiction
_aAdventure
700 _aLablanc, Andre
_dIllustrator
942 _2ddc
_cBK
_n0
999 _c4717
_d4717